Central Library OPAC University of Rajshahi

Sociology / (Record no. 33630)

MARC details
000 -LEADER
fixed length control field 00787nam a22002651 4500
001 - CONTROL NUMBER
control field 33630
003 - CONTROL NUMBER IDENTIFIER
rucl marc code BD-RjUL
005 - DATE AND TIME OF LATEST TRANSACTION
control field 20211209052033.0
008 - FIXED-LENGTH DATA ELEMENTS--GENERAL INFORMATION
fixed length control field 140510r19671966u 001 0 eng
035 ## - SYSTEM CONTROL NUMBER
System control number (BD-RjUL)33721
System control number (OCoLC)1484786
040 ## - CATALOGING SOURCE
Original cataloging agency DLC
Transcribing agency FM
Modifying agency OCoLC
-- DLC
-- BD-RjUL
Language of cataloging eng
041 ## - LANGUAGE CODE
Language code of text/sound track or separate title eng
082 ## - DEWEY DECIMAL CLASSIFICATION NUMBER
Classification number 301
Author mark and year SPS 1967
100 1# - MAIN ENTRY--PERSONAL NAME
Personal name Sprott, W. J. H.
Fuller form of name (Walter John Herbert),
Dates associated with a name 1897-1971.
9 (RLIN) 88921
245 00 - TITLE STATEMENT
Title Sociology /
Statement of responsibility, etc. W.J.H. Sprott
260 ## - PUBLICATION, DISTRIBUTION, ETC. (IMPRINT)
Place of publication, distribution, etc. London :
Name of publisher, distributor, etc. Hutchinson's University Library,
Date of publication, distribution, etc. c1966 [Reprint 1967].
300 ## - PHYSICAL DESCRIPTION
Pagination 192 p. ;
Size 20 cm.
504 ## - BIBLIOGRAPHY, ETC. NOTE
Bibliography, etc Bibilography: p. 185-188 & Includes Index.
650 #0 - SUBJECT ADDED ENTRY--TOPICAL TERM
Topical term or geographic name as entry element Sociology.
9 (RLIN) 101454
Topical term or geographic name as entry element Social psychology.
9 (RLIN) 101455
942 ## - ADDED ENTRY ELEMENTS (KOHA)
Source of classification or shelving scheme Dewey Decimal Classification
Koha item type Books
Holdings
Lost status Source of classification or shelving scheme Damaged status Not for loan Collection code Permanent Location Current Location Shelving location Date acquired Source of acquisition Cost, normal purchase price Total Checkouts Full call number Date last seen Copy number Koha item type
  Dewey Decimal Classification     Non-fiction Central Library, University of Rajshahi Central Library, University of Rajshahi   06/11/1968 Zeitlinger 25.00   301 SPS 1967 10/05/2014 C-10 Books